000
00317nam a2200133Ia 4500
008
150201s2008 xx 000 0 und d
082
_a
610.6
_b
H08B
100
_a
BROWNE, THOMAS R
245
_a
HAND BOOK OF EPILEPSY
250
_a
4TH
260
_b
WOLTERKULWER
_a
DELHI
_c
2008
650
_a
DERMATOLOGY
942
_2
ddc
_c
BK
999
_c
688
_d
688